Statistics for The Strokes Lyrics - What Ever Happened?

Click here to take the quiz!

General Stats

  • This quiz has been taken 46 times
  • The average score is 150 of 169

Answer Stats

Lyrics% Correct
an
100%
and
100%
And
100%
be
100%
don't
100%
for
100%
I
100%
No,
100%
no
100%
wanna
100%
won't
100%
You
100%
you
100%
forgotten
97%
make
97%
"Please
97%
reminded
97%
say,
97%
harder"
94%
me
94%
me,
94%
Oh,
94%
to
94%
said,
90%
She
90%
this
90%
want
90%
it
87%
know
87%
know?
87%
tell
87%
the
87%
in
84%
is
84%
"life
84%
middle
84%
myself,
84%
night
84%
of
84%
what
84%
yet
84%
admired
81%
ain't
81%
come
81%
did
81%
Did
81%
got
81%
miss
81%
ten
81%
all
77%
anybody
77%
down
77%
her
77%
let
77%
new?
77%
together
77%
true?
77%
you're
77%
alone
74%
beside
74%
But
74%
can't
74%
chess"
74%
dear,
74%
does
74%
really
74%
sound
74%
they
74%
write?
74%
write
74%
yes,
74%
'Cause
71%
countdown
71%
I've
71%
one
71%
shows
71%
Tennessee,
71%
wait
71%
culture
68%
ideas
68%
us
68%
comes
65%
that
61%
Top
61%
offend
58%
Whose
58%
ending
52%
that's
52%

Score Distribution

Percentile by Number Answered

Percent of People with Each Score

Your Score History

You have not taken this quiz